| 000 | 00366nam a22001457a 4500 | ||
|---|---|---|---|
| 003 | 1 | ||
| 005 | 20250314114522.0 | ||
| 008 | 250314b xxu||||| |||| 00| 0 eng d | ||
| 082 | _a423.17 | ||
| 100 | _aKelly, Miles | ||
| 245 |
_aJunior picture dictionary _cMiles Kelly |
||
| 260 |
_aUK: _bMiles Kelly Publising: _c2019 |
||
| 300 |
_a384 pp. _c21 cm. |
||
| 942 |
_2ddc _cBK |
||
| 999 |
_c367293 _d367293 |
||